Catálogo
 En Linea

Junta Central Electoral y Registro Civil / (Registro nro. 28793)

Detalles MARC
000 -CABECERA
campo de control de longitud fija 00617nam a2200157 a 4500
001 - NÚMERO DE CONTROL
campo de control 000029301
005 - FECHA Y HORA DE LA ÚLTIMA TRANSACCIÓN
campo de control 20200930055447.0
008 - DATOS DE LONGITUD FIJA--INFORMACIÓN GENERAL
campo de control de longitud fija 110414s1984 dr 000 | spa d
040 ## - FUENTE DE LA CATALOGACIÓN
Centro catalogador/agencia de origen DO-SdBNP
Lengua de catalogación spa
Centro/agencia transcriptor BNPHU
049 ## - FONDOS LOCALES (OCLC)
Fondos de biblioteca BNPD
100 1# - ENTRADA PRINCIPAL--NOMBRE DE PERSONA
Nombre de persona Buttén Varona, Nelson B.
9 (RLIN) 56186
245 10 - MENCIÓN DE TÍTULO
Título Junta Central Electoral y Registro Civil /
Mención de responsabilidad, etc. Nelson B. Buttén Varona.
260 ## - PUBLICACIÓN, DISTRIBUCIÓN, ETC.
Lugar de publicación, distribución, etc. Santo Domingo :
Nombre del editor, distribuidor, etc. Junta Central Electoral,
Fecha de publicación, distribución, etc. 1984.
300 ## - DESCRIPCIÓN FÍSICA
Extensión 14 p. ;
Dimensiones 20 cm.
500 ## - NOTA GENERAL
Nota general Texto de la charla pronunciada por el Dr. Nelson Buttén Varona el 12 de abril de 1984 en ocasión de celebrarse el día de la Junta Central Electoral.
Existencias
Estado de retiro Estado de pérdida No para préstamo Código de colección Localización permanente Ubicación/localización actual Ubicación en estantería Fecha de adquisición Número de inventario Total de préstamos Signatura topográfica completa Código de barras Fecha visto por última vez Precio válido a partir de Tipo de ítem Koha
    Excluido de préstamo Patrimonio Dominicano Patrimonio Dominicano Patrimonio Dominicano En catalogación 14.04.2011 LF1   29301-10 25.06.2020 25.06.2020 Libro y Folleto Colección Patrimonio Dominicano

Con tecnología Koha